Měření v elektrotechnice
Salvato in:
| Autori principali: | , , |
|---|---|
| Natura: | Libro |
| Lingua: | ceco |
| Pubblicazione: |
Brno :
Vysoké učení technické v Brně,
2002
|
| Soggetti: | |
| Tags: |
Nessun Tag, puoi essere il primo ad aggiungerne!!
|
MARC
| LEADER | 00000nam a22000003a 4500 | ||
|---|---|---|---|
| 001 | stu76394 | ||
| 005 | 20150617225645.0 | ||
| 008 | 020701s2002----xr------------------cze-d | ||
| 020 | |a 80-214-1990-3 | ||
| 040 | |a STU |b slo | ||
| 041 | 0 | |a cze | |
| 044 | |a xr | ||
| 080 | |a 681.3.08 | ||
| 080 | |a 621.317(075.8) | ||
| 084 | |a B7210 |2 INS | ||
| 084 | |a B7250 |2 INS | ||
| 084 | |a B7310 |2 INS |7 stu_us_auth*stu6570 | ||
| 100 | 1 | |a Gescheidtová, Eva |4 aut | |
| 245 | 1 | |a Měření v elektrotechnice | |
| 260 | |a Brno : |b Vysoké učení technické v Brně, |c 2002 | ||
| 300 | |a 182 s | ||
| 650 | 7 | |a elektrické merania |2 stusub | |
| 650 | 7 | |a meranie elektrických veličín |2 stusub | |
| 650 | 7 | |a meracie prístroje |2 stusub | |
| 650 | 7 | |a automatické meracie systémy |2 stusub | |
| 700 | 1 | |a Rez, Jiří |4 aut | |
| 700 | 1 | |a Steinbauer, Miloslav |4 aut | |
| 996 | |b 284EK84516 |c E*84516 |l EE01 |s A |a 24 |w stu76394_0001 | ||